000 005410000a22002410004500
650 _aPolitical science
650 _aPolitics
650 _aIdeologies
650 _aPolitical education
650 _aPolitical thought
651 _aIndia
082 _a320.954
_bD26i
518 _a20010523
530 _aM
100 _aDas, H. H.
100 _aPatro, P. S. N.
245 _aIndian political traditions
260 _aDelhi
_bSterling Pub., India
260 _c1988
041 _aEng
300 _avii, 308p.
942 _cGEN
999 _c23721
_d23721